<Die> Militärökonomie.

Úzke prepojenie ekonomiky a vojenstva, najmä po národných vojnách v 19. stor. spojených s totálnou mobilizáciou vojenských zdrojov. Finančný rozpočet štátu a znovuvyzbrojenie západného Nemecka po II. svetovej vojne. Význam O. Hahna pri rozvoji vedeckého skúmania ekonomiky vojenstva. Ekonomika a teór...

Ausführliche Beschreibung

Gespeichert in:
Bibliographische Detailangaben
1. Verfasser: Kiessling, G.
Format: Buchkapitel
Sprache:Deutsch
Schlagworte:
Tags: Tag hinzufügen
Keine Tags, Fügen Sie das erste Tag hinzu!

MARC

LEADER 00000naa a2200000 4500
001 r013745
005 20221205080838.2
041 0 |a ger 
044 |a DE 
245 1 0 |a <Die> Militärökonomie.  |c G. Kiessling 
520 |a Úzke prepojenie ekonomiky a vojenstva, najmä po národných vojnách v 19. stor. spojených s totálnou mobilizáciou vojenských zdrojov. Finančný rozpočet štátu a znovuvyzbrojenie západného Nemecka po II. svetovej vojne. Význam O. Hahna pri rozvoji vedeckého skúmania ekonomiky vojenstva. Ekonomika a teória "zastrašovania" v konflikte Východ-Západ. Spojenie ekonomických a vojenských požiadaviek v diele O. Hahna. 
610 2 0 |a vojenstvo 
610 2 0 |a dejiny hospodárske 
610 2 0 |a Nemecko 
610 2 0 |a zbrojenie 
610 2 0 |a situácia hospodárska 
100 1 |a Kiessling, G.